000
00278nam a22001217a 4500
020
_a
0000000586207
040
_c
NUST
082
_a
823.8
_b
HAR
100
_a
Thomas Hardy
245
_a
The Mayor Of Casterbridge
260
_a
Lahore:
_b
A H Publishers,
_c
2015.
942
_2
ddc
_c
BK
999
_c
586381
_d
586381